Ochotnicza Straż Pożarna "Kłodnica" (1892-1992)
| Titel: | Ochotnicza Straż Pożarna "Kłodnica" (1892-1992) |
|---|---|
| Verfasser: | |
| In: |
Szkice ke̜dzierzyńsko-kozielskie, Band 4 (1993), Seite 42-48 alle Artikel anzeigen |
| Veröffentlicht: | 1993 |
| Format: | Aufsatz |
| Sprache: | Polnisch |
X
alg: 39463211 001A $01999:12-11-16 001B $06050:16-02-24 $t15:34:09.000 001C $06050:19-11-16 $t09:34:11.000 001D $01999:12-11-16 001U $0utf8 001X $00 002@ $0Aox 003@ $0394632117 007A $0394632117 $aHEB 007T $0Herdww008760 010@ $apol 011@ $a1993 021A $aOchotnicza Straż Pożarna "Kłodnica" (1892-1992) 028A $aStępień $dKarol 031A $d4 $h42-48 $j1993 039B $aIn $8--Abvc--. Szkice ke̜dzierzyńsko-kozielskie. - Kędzierzyn-Koźle : Towarzystwo Ziemi Kozielskiej, 1985-. - ISSN 0860-1062 $x199300000040000958 $9048584932 045T $a-OST $qDE-12 $2FID 045T $a7,41 lok: 39463211 78 exp: 39463211 78 1 #EPN 201B/01 $018-11-16 $t12:12:58.000 201U/01 $0utf8 203@/01 $0790742586 208@/01 $a12-11-16 $be 209A/01 $a/ $f000 $x00 220C/01 $aTitelaufnehmer: EW 220C/01 $aHerkunft: IH UWr 244Z/01 $2Trx $#Silesia $#Śląsk $#Sliezsko $#Slezsko $8--Trx--Schlesien $x01 $9391173987 244Z/01 $2Trx $#Ruda-Klodnitz $#Klodnitz Kattowitz $#Kłodnica Ruda Śląska $8--Trx--Ruda Śląska-Kłodnica $x02 $9391308645 244Z/01 $aGeschichte 1892-1992 $x03 244Z/01 $2Trx $#tuletõrje $#gaisrinė $#fire fighters $#tüzoltóság $#straż pożarna $#požiarny zbor $#hasiči $#fire department $#fire brigade $#fire service $#pożarnictwo $#požiarnictvo $8--Trx--Feuerwehr $x04 $9391383507 244Z/01 $2Trx $8--Trx--Zeitschriftenaufsatz $x05 $9391384341 247C/01 $82080>Marburg/Lahn, Herder-Institut, Forschungsbibliothek, Bibliographieportal $9336309341
| LEADER | 00000caa a22000002c 4500 | ||
|---|---|---|---|
| 001 | 394632117 | ||
| 003 | DE-603 | ||
| 005 | 20240216153409.0 | ||
| 007 | tu | ||
| 008 | 161112s1993 xx |||| | u00||u|pol c | ||
| 035 | |a (DE-599)HEB394632117 | ||
| 040 | |a DE-603 |b ger |c DE-603 |d DE-603 | ||
| 041 | |a pol | ||
| 084 | |a -OST |q DE-12 |2 fid | ||
| 084 | |a 7,41 |2 ssgn | ||
| 100 | 1 | |a Stępień, Karol | |
| 245 | 0 | 0 | |a Ochotnicza Straż Pożarna "Kłodnica" (1892-1992) |
| 264 | 0 | |c 1993 | |
| 773 | 0 | 8 | |i In |t Szkice ke̜dzierzyńsko-kozielskie |d Kędzierzyn-Koźle : Towarzystwo Ziemi Kozielskiej, 1985- |x 0860-1062 |g Band 4 (1993), Seite 42-48 |w (DE-603)048584932 |w (DE-600)1080389-0 |
| 924 | 0 | |9 2080 |a (DE-603)790742586 |b DE-2080 |c HES |d d |g / | |


